La cultura dell'impersonalità (Record n. 210346)

Dettagli MARC
000 -LEADER
fixed length control field 01831nam a2200205Ia 4500
001 - CONTROL NUMBER
control field b6675-47629
003 - CONTROL NUMBER IDENTIFIER
control field IT-MiCISF
008 - FIXED-LENGTH DATA ELEMENTS--GENERAL INFORMATION
fixed length control field 161014s9999||||xx |||||||||||||| ||und||
040 ## - CATALOGING SOURCE
Original cataloging agency IT-MiCISF
Transcribing agency IT-MiCISF
041 ## - LANGUAGE CODE
Language code of text/sound track or separate title it
999 ## - SYSTEM CONTROL NUMBERS (KOHA)
Koha Dewey Subclass [OBSOLETE] si
100 ## - MAIN ENTRY--PERSONAL NAME
Personal name Infrasca Roberto
245 #0 - TITLE STATEMENT
Title La cultura dell'impersonalità
250 ## - EDITION STATEMENT
Edition statement 1a ed.
260 ## - PUBLICATION, DISTRIBUTION, ETC. (IMPRINT)
Place of publication, distribution, etc. Roma
Name of publisher, distributor, etc. Magi
Date of publication, distribution, etc. 2009
300 ## - PHYSICAL DESCRIPTION
Extent pp. 270
500 ## - GENERAL NOTE
General note / persona, società, cultura, formazione-personalità, pubblicità, devianza, assenza-padre, psicoanalisi, maternità, paternità / Gli scenari socioculturali degli ultimi due decenni hanno prodotto - a livello micro e macro-sociale - rilevanti modificazioni nel modello psicologico, cognitivo e comportamentale dell'individuo. Tali trasformazioni hanno introdotto modalità culturali, concettuali, relazionali ed esistenziali che rappresentano un fenomeno sconosciuto e preoccupante: le relazioni umane assomigliano sempre più a quelle elaborate e indotte da criteri automatici e commerciali, mentre le persone basano la propria sicurezza tenendosi vicino alla moltitudine, alle regole, valori e comportamenti impersonali, veicolati incessantemente dai mass-media e adottati largamente dalla società. Il sotteso vuoto comunicativo rispecchia l'arresto della maturazione intrapsichica e interpersonale dell'uomo il quale, nel tentativo di avvicinarsi agli altri, rimane disperatamente solo. Studioso delle problematiche dello sviluppo psicologico della persona, l'A. rende evidenti i grandi problemi della vita quotidiana delle persone. La sua analisi è volta a evidenziare i fattori e i fenomeni che hanno originato e organizzato la struttura sociale, culturale e psico-comportamentale dell'entità qui definita "uomo postmoderno".
650 ## - SUBJECT ADDED ENTRY--TOPICAL TERM
Topical term or geographic name as entry element Dinamiche familiari / persona
Relator term 001
942 ## - ADDED ENTRY ELEMENTS (KOHA)
Koha item type LIBRO
957 ## -
-- 1
999 ## - SYSTEM CONTROL NUMBERS (KOHA)
-- 1
Dati di copia
Withdrawn status Lost status Damaged status Not for loan Home library Current library Date acquired Total Checkouts Full call number Date last seen Price effective from Koha item type Public note
    Buone Condizioni Not For Loan CISF - Milano CISF - Milano 14/10/2016   b6675-47629 14/10/2016 14/10/2016 LIBRO Data import 15.10.2016 / by Epidotti, Vaglietti
CREDITS: SOCIETA' SAN PAOLO Via A.Severo, 58 - ROMA (RM) & PERIODICI SAN PAOLO SRL Via Giotto, 36 MILANO & CISF Via Giotto, 36 MILANO & EDIZIONI SAN PAOLO SRL,  Piazza Soncino, 5 CINISELLO BALSAMO (MI) -- ITALY